Statystyki dla Rangi w Counter-Strike: Global Offensive

Kliknij tutaj aby rozwiązać quiz!

Ogólne statystyki

  • Ten quiz został rozwiązany 1 508 razy
  • Średni wynik to 8 z 18

Statystyki odpowiedzi

KolejnośćRanga% Poprawnych
1.Srebro I
95%
2.Srebro II
94%
3.Srebro III
94%
4.Srebro IV
89%
5.Elitarne srebro
61%
6.Mistrzowskie elitarne srebro
45%
18.Elita światowa
32%
7.Złoty laur I
32%
8.Złoty laur II
32%
9.Złoty laur III
32%
10Mistrzowski złoty laur
27%
11Mistrzowski obrońca I
25%
12Mistrzowski obrońca II
25%
15.Legendarny orzeł
24%
13.Elitarny mistrzowski obrońca
22%
16.Mistrzowski legendarny orzeł
21%
17.Mistrzowska pierwsza klasa
18%
14.Wybitny mistrzowski obrońca
15%

Rozkład punktacji

Percentyl według liczby udzielonych odpowiedzi

Procent ludzi z każdym wynikiem

Twoja historia wyników

Nie rozwiązałeś tego quizu